000 00881aam a2200313 i 4500
001 768714001
003 CO-MdFUSB
005 20250509101858.0
007 ta
008 250509t1966 sp |||| |||| 00| 0 spa d
020 _a84-01-44111-0
040 _cCO-MdFUSB
041 0 _aspa
082 0 4 _223
_a242
_bM5755h
100 1 _aMerton, Thomas (1915-1968)
_eautor
240 _aThe new man
245 1 3 _aEl hombre nuevo
_c/ Thomas Merton ; traducido por José María Valverde
264 1 _bPlaza y Janés,
_aBarcelona, España :
_c[1966]
264 4 _c©1966
300 _a156 páginas
336 _atexto
_btxt
_2rdacontent
337 _2rdamedia
_asin mediación
_bn
338 _2rdacarrier
_avolumen
_bnc
563 _aPasta dura
650 0 _aVida cristiana
_919
700 _a Valverde, José Maria.
_92792
_etraductor
942 _cBK
945 _aJTF-925
999 _c43213
_d43213